Kosmopolis 02 : Festa Internacional de la Literatura : 11-15 de desembre 2002, CCCB, Barcelona Festa Internacional de la Literatura :
Descripción Física:
28 p. ; 24 cm
Materias:
Literatura -- Congressos
MARC
| LEADER | 00000nam a2200000Ia 4500 | ||
|---|---|---|---|
| 001 | 15565 | ||
| 003 | BGR | ||
| 005 | 20260324175257.0 | ||
| 008 | 160829s2002 xx 000 0 cat d | ||
| 080 | |a FU-39-18 | ||
| 111 | |a Kosmopolis : Festa Internacional de la Literatura |9 71324 |c (Barcelona : |d 2002) | ||
| 245 | |a Kosmopolis 02 : |b Festa Internacional de la Literatura : |b 11-15 de desembre 2002, CCCB, Barcelona | ||
| 260 | |a Barcelona : |b Centre de Cultura Contemporània de Barcelona, |c 2002 | ||
| 300 | |a 28 p. ; |c 24 cm | ||
| 650 | |a Literatura |x Congressos |9 24512 | ||
| 710 | 2 | |a Centre de Cultura Contemporània de Barcelona |9 52510 | |
| 901 | |a Arxiu | ||
| 942 | |n 1 |2 udc |c MON | ||
| 952 | |0 0 |1 0 |4 0 |6 FU3918 |7 1 |9 43190 |a Arxiu |b Arxiu |d 2016-12-01 |l 0 |o FU-39-18 |p 15565 |r 2016-12-01 00:00:00 |w 2016-12-01 |y ARXIU | ||
| 999 | |c 45734 |d 45734 | ||